[Event "Cappelle op 41st"]
[Site "Cappelle la Grande"]
[Date "2025.02.19"]
[Round "7"]
[White "Froeyman, Helmut"]
[Black "Bacrot, Alexandre"]
[Result "0-1"]
[WhiteElo "2274"]
[BlackElo "2423"]
[PlyCount "130"]
[EventDate "2025.02.15"]
[EventType "swiss"]
[EventRounds "9"]
[EventCountry "FRA"]
[SourceTitle "CB09_2025"]
[SourceDate "2025.02.27"]
[SourceVersion "1"]
[SourceVersionDate "2025.02.27"]
[SourceQuality "1"]

1. e4 d6 2. d4 Nf6 3. Nc3 g6 4. Nf3 Bg7 5. Be2 0-0 6. 0-0 c5 7. d5 e6 8. h3 exd5 9. exd5 Re8 10. Re1 a6 11. a4 b6 12. Be3 Rxe3 13. fxe3 Nbd7 14. Qd2 Qe7 15. Rab1 Bb7 16. e4 Ne8 17. Nd1 Nc7 18. c3 Re8 19. Nf2 Ne5 20. Qf4 Nxf3+ 21. Qxf3 a5 22. Bd3 h5 23. Rbd1 Qd7 24. Ra1 Re7 25. Bc4 Qe8 26. Nd3 Qd8 27. Qf2 Ne8 28. Rad1 Bc8 29. Bb5 Nc7 30. Bc4 Ne8 31. Bb5 Bd7 32. Bxd7 Qxd7 33. Qc2 c4 34. Nf2 Nc7 35. b3 Na6 36. bxc4 Nc5 37. Nd3 Nxe4 38. Rxe4 Rxe4 39. Nc5 bxc5 40. Qxe4 Qxa4 41. Rf1 Qd7 42. Re1 Be5 43. Qc2 Qd8 44. Qa4 Kg7 45. Rxe5 dxe5 46. Qc6 a4 47. Qxa4 e4 48. Qd1 Qd6 49. Qd2 f5 50. Qg5 f4 51. Kf2 Qf6 52. Qxf6+ Kxf6 53. g3 fxg3+ 54. Kxg3 g5 55. Kf2 h4 56. Ke3 Ke5 57. d6 Kxd6 58. Kxe4 Ke6 59. Kf3 Kf5 60. Ke3 g4 61. hxg4+ Kxg4 62. Kf2 Kf4 63. Kg2 Ke4 64. Kh3 Kd3 65. Kxh4 Kxc4 0-1

[Event "Dortmund Sparkassen op-A 51st"]
[Site "Dortmund"]
[Date "2024.08.13"]
[Round "4"]
[White "Froeyman, Helmut"]
[Black "Stevens, Titus"]
[Result "1-0"]
[WhiteElo "2252"]
[BlackElo "2005"]
[PlyCount "49"]
[EventDate "2024.08.10"]
[EventType "swiss"]
[EventRounds "9"]
[EventCountry "GER"]
[SourceTitle "CBM 221 Extra"]
[Source "ChessBase"]
[SourceDate "2024.09.30"]
[SourceVersion "1"]
[SourceVersionDate "2024.09.30"]
[SourceQuality "1"]

1. e4 c5 2. Nf3 d6 3. d4 cxd4 4. Nxd4 Nf6 5. Nc3 Nc6 6. Bg5 e6 7. Qd2 a6 8. 0-0-0 Be7 9. f4 Bd7 10. Nf3 b5 11. Bxf6 gxf6 12. Kb1 Qb6 13. f5 0-0-0 14. Bd3 h5 15. Ne2 Kb8 16. Nf4 Bf8 17. Qe2 Qc5 18. Rhf1 Ne7 19. Nd2 h4 20. Nb3 Qe5 21. Qe3 Nc8 22. fxe6 Bxe6 23. Nd4 Kb7 24. Ndxe6 fxe6 25. Ng6 1-0

[Event "Dortmund Sparkassen op-A 51st"]
[Site "Dortmund"]
[Date "2024.08.12"]
[Round "3"]
[White "Weishaeutel, Moritz"]
[Black "Froeyman, Helmut"]
[Result "1-0"]
[WhiteElo "2400"]
[BlackElo "2252"]
[PlyCount "59"]
[EventDate "2024.08.10"]
[EventType "swiss"]
[EventRounds "9"]
[EventCountry "GER"]
[SourceTitle "CBM 221 Extra"]
[Source "ChessBase"]
[SourceDate "2024.09.30"]
[SourceVersion "1"]
[SourceVersionDate "2024.09.30"]
[SourceQuality "1"]

1. d4 f5 2. g4 fxg4 3. h3 d5 4. hxg4 Bxg4 5. f3 Bf5 6. Nc3 Nf6 7. e4 dxe4 8. fxe4 Nxe4 9. Qf3 Nd6 10. Bf4 e6 11. 0-0-0 Be7 12. Qh5+ g6 13. Qh2 Bg5 14. Nh3 Bxf4+ 15. Nxf4 Nd7 16. Re1 Kf7 17. Bh3 Nf8 18. d5 e5 19. Bxf5 Nxf5 20. Ne6 Nxe6 21. dxe6+ Kxe6 22. Qxe5+ Kf7 23. Ne4 h6 24. Rhf1 Re8 25. Rxf5+ gxf5 26. Qxf5+ Kg7 27. Rg1+ Kh8 28. Qg6 Re7 29. Qf6+ Kh7 30. Ng5+ 1-0

[Event "Dortmund Sparkassen op-A 51st"]
[Site "Dortmund"]
[Date "2024.08.10"]
[Round "1"]
[White "Holzwarth, Felix"]
[Black "Froeyman, Helmut"]
[Result "0-1"]
[WhiteElo "1991"]
[BlackElo "2252"]
[PlyCount "76"]
[EventDate "2024.08.10"]
[EventType "swiss"]
[EventRounds "9"]
[EventCountry "GER"]
[SourceTitle "CBM 221 Extra"]
[Source "ChessBase"]
[SourceDate "2024.09.30"]
[SourceVersion "1"]
[SourceVersionDate "2024.09.30"]
[SourceQuality "1"]

1. e4 e5 2. Nf3 Nc6 3. Bc4 Bc5 4. 0-0 Nf6 5. d4 Bxd4 6. Nxd4 Nxd4 7. Bg5 h6 8. Bh4 d6 9. f4 Bg4 10. Bxf6 Bxd1 11. Bxd8 Rxd8 12. Rxd1 Nxc2 13. Nc3 Nxa1 14. Rxa1 exf4 15. Rf1 c6 16. Rxf4 Rd7 17. h4 Re7 18. a4 Rf8 19. Kf2 Re5 20. g4 Ke7 21. Rf3 g6 22. Bd3 h5 23. Rg3 hxg4 24. Rxg4 a6 25. Ne2 Rc8 26. Rf4 b5 27. axb5 axb5 28. Nd4 c5 29. Nf3 c4 30. Bf1 Rec5 31. Ng5 Rf8 32. Nh7 Ra8 33. Nf6 Ra2 34. Nd5+ Ke8 35. Ke3 Rxb2 36. Kd4 c3 37. Nxc3 Rb4+ 38. Kd3 Rb3 0-1

[Event "Ghent op 43rd"]
[Site "Ghent"]
[Date "2022.07.23"]
[Round "8"]
[White "Froeyman, Helmut"]
[Black "De Haas, Wouter"]
[Result "1-0"]
[WhiteElo "2289"]
[BlackElo "2060"]
[PlyCount "53"]
[EventDate "2022.07.20"]
[EventType "swiss"]
[EventRounds "9"]
[EventCountry "BEL"]
[SourceTitle "CBM 209 Extra"]
[Source "ChessBase"]
[SourceDate "2022.09.30"]
[SourceVersion "1"]
[SourceVersionDate "2022.09.30"]
[SourceQuality "1"]

1. e4 e5 2. Nf3 Nc6 3. Bb5 Nf6 4. 0-0 Nxe4 5. d4 Nd6 6. Bxc6 dxc6 7. dxe5 Nf5 8. Qxd8+ Kxd8 9. Nc3 Ke8 10. h3 h5 11. Bf4 Be6 12. Ng5 Nd4 13. Nxe6 Nxe6 14. Be3 Bc5 15. Bxc5 Nxc5 16. f4 h4 17. Kf2 Rd8 18. Ke3 a5 19. Rad1 Rxd1 20. Rxd1 Nd7 21. Ne4 Ke7 22. Kf3 b5 23. c3 Rd8 24. Rd2 g5 25. Kg4 gxf4 26. Kxf4 Rg8 27. Rxd7+ 1-0

[Event "Muensterland op 38th"]
[Site "Muenster"]
[Date "2021.10.10"]
[Round "3"]
[White "Flockert, Ruediger"]
[Black "Froeyman, Helmut"]
[Result "0-1"]
[WhiteElo "2140"]
[BlackElo "2277"]
[PlyCount "59"]
[EventDate "2021.10.08"]
[EventType "swiss"]
[EventRounds "9"]
[EventCountry "GER"]
[SourceTitle "EXT 2023"]
[Source "ChessBase"]
[SourceDate "2022.10.05"]
[SourceVersion "1"]
[SourceVersionDate "2022.10.05"]
[SourceQuality "1"]

1. d4 f5 2. Bg5 h6 3. Bf4 Nf6 4. e3 d6 5. h3 g5 6. Bh2 Bg7 7. Bc4 e6 8. Nc3 Qe7 9. Qd2 a6 10. 0-0-0 b5 11. Bb3 Bb7 12. f3 Nbd7 13. Nge2 Nb6 14. Kb1 0-0-0 15. Rhe1 Rhe8 16. a4 Qd7 17. axb5 axb5 18. Na2 Nc4 19. Qc3 Nd5 20. Qd3 Ndxe3 21. Rc1 e5 22. Bxc4 Nxc4 23. dxe5 dxe5 24. Qxd7+ Rxd7 25. Ng3 e4 26. Nxf5 Bxb2 27. fxe4 Bxc1 28. Kxc1 Rxe4 29. Rg1 Ne3 30. Re1 0-1

[Event "Prague Summer op 7th"]
[Site "Prague"]
[Date "2020.08.10"]
[Round "4"]
[White "Narr, Kevin"]
[Black "Froeyman, Helmut"]
[Result "1/2-1/2"]
[WhiteElo "2110"]
[BlackElo "2281"]
[PlyCount "136"]
[EventDate "2020.08.08"]
[EventType "swiss"]
[EventRounds "9"]
[EventCountry "CZE"]
[SourceTitle "CBM 197 Extra"]
[Source "ChessBase"]
[SourceDate "2020.09.30"]
[SourceVersion "1"]
[SourceVersionDate "2020.09.30"]
[SourceQuality "1"]

1. d4 f5 2. Bf4 Nf6 3. e3 d6 4. Nc3 e6 5. Qf3 Qe7 6. e4 e5 7. dxe5 dxe5 8. Bd2 Nc6 9. Bb5 fxe4 10. Bxc6+ bxc6 11. Nxe4 Bd7 12. Ne2 Qf7 13. 0-0 Nxe4 14. Qxe4 Qd5 15. Qe3 Bc5 16. Qc3 0-0 17. Be3 Bd6 18. Ng3 Be6 19. Rfd1 Qc4 20. Qxc4 Bxc4 21. b3 Be6 22. Ne4 Rfd8 23. f3 a6 24. Kf2 h6 25. Rd2 Kf7 26. Rad1 Be7 27. Rxd8 Rxd8 28. Rxd8 Bxd8 29. Ke2 Be7 30. Bc5 Bd8 31. Kd3 h5 32. Be3 Be7 33. Bc5 Bd8 34. Be3 Be7 35. Bg5 Bd6 36. c4 Bf5 37. Kc3 Ke6 38. Be3 Kd7 39. c5 Be7 40. Kb4 Kc8 41. Kc3 Kb7 42. Nd2 Bf6 43. Kb4 Kc8 44. Ne4 Be7 45. Bd2 Bxe4 46. fxe4 g6 47. Bh6 Bf6 48. Be3 Be7 49. g3 g5 50. h3 g4 51. h4 Kb7 52. Kc4 Bf6 53. Kd3 Kc8 54. Bf2 Bg7 55. b4 Kd7 56. Kc4 Bf6 57. Be3 Ke6 58. Kb3 Kd7 59. Ka4 Kc8 60. Ka5 Kb7 61. Bh6 Ka7 62. Be3 Kb7 63. a4 Ka7 64. Bg5 Bg7 65. Be7 Kb7 66. Bg5 Bh8 67. Bd8 Bg7 68. Bg5 Bh8 1/2-1/2

[Event "Leuven op"]
[Site "Leuven"]
[Date "2019.11.11"]
[Round "7"]
[White "Froeyman, Helmut"]
[Black "Maddens, Martijn"]
[Result "1/2-1/2"]
[WhiteElo "2264"]
[BlackElo "2184"]
[PlyCount "51"]
[EventDate "2019.11.08"]
[EventType "swiss"]
[EventRounds "7"]
[EventCountry "BEL"]
[SourceTitle "CBM 193 Extra"]
[Source "ChessBase"]
[SourceDate "2020.01.31"]
[SourceVersion "1"]
[SourceVersionDate "2020.01.31"]
[SourceQuality "1"]

1. e4 c5 2. Nf3 d6 3. d4 cxd4 4. Nxd4 Nf6 5. Nc3 a6 6. Be2 e5 7. Nb3 Be7 8. 0-0 Be6 9. f4 Qc7 10. f5 Bc4 11. a4 Nbd7 12. a5 0-0 13. Bxc4 Qxc4 14. Ra4 Qc6 15. Qf3 b5 16. axb6 Nxb6 17. Ra5 Bd8 18. Kh1 Nc4 19. Ra2 a5 20. Bg5 a4 21. Rfa1 Nxb2 22. Bxf6 Bxf6 23. Nd2 Rfb8 24. g3 Bg5 25. Ndb1 Rb4 26. Nd5 1/2-1/2

[Event "Ghent Eastman op 41st"]
[Site "Ghent"]
[Date "2018.07.17"]
[Round "8"]
[White "Lacrosse, Marc"]
[Black "Froeyman, Helmut"]
[Result "0-1"]
[WhiteElo "2110"]
[BlackElo "2290"]
[PlyCount "110"]
[EventDate "2018.07.14"]
[EventType "swiss"]
[EventRounds "9"]
[EventCountry "BEL"]
[SourceTitle "CBM 185 Extra"]
[Source "ChessBase"]
[SourceDate "2018.07.29"]
[SourceVersion "1"]
[SourceVersionDate "2018.07.29"]
[SourceQuality "1"]

1. d4 f5 2. g3 Nf6 3. Bg2 e6 4. c4 d5 5. Nh3 c6 6. Qc2 Bd6 7. 0-0 0-0 8. Bf4 Be7 9. Nd2 h6 10. Bxb8 Rxb8 11. Nf4 Bd6 12. Ng6 Rf7 13. Nf3 b6 14. Rac1 Rc7 15. c5 bxc5 16. dxc5 Bf8 17. Rfd1 Qe8 18. Nxf8 Qxf8 19. Ne5 Nd7 20. Qc3 Qf6 21. Nxd7 Qxc3 22. Rxc3 Rxd7 23. b3 Kf7 24. e3 a5 25. Rd4 Rb4 26. f4 Ra7 27. Kf2 Ba6 28. Bf1 Bxf1 29. Kxf1 Kf6 30. Ke2 g5 31. Kd3 e5 32. fxe5+ Kxe5 33. Rc2 Re7 34. Rf2 Rb5 35. Rc2 Kf6 36. Rc3 Rb4 37. a3 Rxd4+ 38. exd4 f4 39. g4 h5 40. h3 hxg4 41. hxg4 Ke6 42. Rc2 Kd7 43. Re2 Rxe2 44. Kxe2 a4 45. b4 Kc7 46. Kd3 Kb7 47. Kc3 Ka7 48. Kc2 Ka6 49. Kc3 Kb5 50. Kd3 f3 51. Ke3 Kc4 52. Kxf3 Kxd4 53. Ke2 Kc4 54. Kd2 Kd4 55. Ke2 Kc4 0-1